Normal view
MARC view
- Wodarski, John S
Entry Personal Name
001 - CONTROL NUMBER
- control field: 119768
003 - CONTROL NUMBER IDENTIFIER
- control field: NUST
005 - DATE AND TIME OF LATEST TRANSACTION
- control field: 20231218165903.0
008 - FIXED-LENGTH DATA ELEMENTS
- fixed length control field: 231218|| aca||aabn | a|a d
040 ## - CATALOGING SOURCE
- Original cataloging agency: NUST
- Transcribing agency: NUST
100 ## - HEADING--PERSONAL NAME
- Personal name: Wodarski, John S
670 ## - SOURCE DATA FOUND
- Source citation: Work cat.: (NUST)2452: Handbook of preventive interventions for children and adolescents /, 2004.
